Central Library OPAC University of Rajshahi

گلبانگ حىات / Gulbāng-i ḥayāt / (Record no. 84545)

MARC details
000 -LEADER
fixed length control field 00667nam a2200193 a 4500
001 - CONTROL NUMBER
control field 84545
003 - CONTROL NUMBER IDENTIFIER
rucl marc code BD-RjUL
005 - DATE AND TIME OF LATEST TRANSACTION
control field 20241219154310.0
008 - FIXED-LENGTH DATA ELEMENTS--GENERAL INFORMATION
fixed length control field 241219s1947 pk ||||| |||| 00| 0 urd d
035 ## - SYSTEM CONTROL NUMBER
System control number (BD-RjUL) 84545
040 ## - CATALOGING SOURCE
Original cataloging agency BD-RjUL
Language of cataloging eng
Transcribing agency BD-RjUL
041 ## - LANGUAGE CODE
Language code of text/sound track or separate title urd
082 ## - DEWEY DECIMAL CLASSIFICATION NUMBER
Edition number 23
Classification number 954.91092
Author mark and year JIG 1947
245 ## - TITLE STATEMENT
Title گلبانگ حىات / Gulbāng-i ḥayāt /
Remainder of title خاتون پاکستان محترمہ مس فاطمہ جناح کی تقاریر کا مجموعہ ;; khaton pakistan mahtarmah mas fatmah janah
260 ## - PUBLICATION, DISTRIBUTION, ETC. (IMPRINT)
Place of publication, distribution, etc. Lahore :
Name of publisher, distributor, etc. Firoz Sons ,
Date of publication, distribution, etc. 1947
300 ## - PHYSICAL DESCRIPTION
Pagination 377 p. ;
Size 22 cm
600 ## - SUBJECT ADDED ENTRY--PERSONAL NAME
Personal name مس فاطمہ جناح
942 ## - ADDED ENTRY ELEMENTS (KOHA)
Source of classification or shelving scheme Dewey Decimal Classification
Koha item type Books
Holdings
Lost status Source of classification or shelving scheme Damaged status Not for loan Collection code Permanent Location Current Location Shelving location Date acquired Full call number Date last seen Copy number Koha item type
  Dewey Decimal Classification   Not For Loan Non-fiction Central Library, University of Rajshahi Central Library, University of Rajshahi Reading Room 19/12/2024 U 954.91092 JIG 1947 19/12/2024 c-1 Books